00358 2200157 4500245003600000020002200036250001100058100001500069650002000084005001900104260002800123041001400151084001100165300001500176336000900191 aPolkadot LovecMelia LovehText a978-602-7968-55-4 aCet. 1 aMelia Love aNovel Indonesia a20230118081313 aYogyakartabSenjac2014 aIndonesia a808.83 a255 hlm. : atext